[Event "Pyramiden Cup 2015"]
[Site "Fuerth"]
[Date "2015.09.04"]
[Round "2.20"]
[White "Suess, Stefan"]
[Black "Knoblauch, Leonhard"]
[Result "0-1"]
[WhiteElo "2004"]
[BlackElo "2177"]
[PlyCount "90"]
[EventDate "2015.??.??"]
[WhiteTeam "SC NT Nürnberg"]
[BlackTeam "SV Ilmmünster"]

1. e4 c6 2. Nc3 d5 3. Nf3 Bg4 4. h3 Bxf3 5. Qxf3 e6 6. a3 Nf6 7. d3 Nbd7 8. g3
Qb6 9. Bg2 d4 10. Nb1 h5 11. O-O h4 12. g4 Bd6 13. Qe2 Qc7 14. f4 e5 15. f5
O-O-O 16. Nd2 Be7 17. Nf3 Nh7 18. Bd2 g5 19. Rfc1 Qb6 20. Rcb1 f6 21. Be1 Nc5
22. a4 Na6 23. Kh1 Nf8 24. Nd2 Nd7 25. Nc4 Qc7 26. b4 Nb6 27. b5 Nxc4 28. bxa6
Nd6 29. axb7+ Nxb7 30. a5 a6 31. c3 Bc5 32. Qa2 Rhe8 33. Qc4 Kd7 34. Qf7+ Kc8
35. Qxf6 dxc3 36. Bxc3 Rxd3 37. Rc1 Be3 38. Bxe5 Qxe5 39. Qxc6+ Kb8 40. Rab1
Re7 41. f6 Bxc1 42. fxe7 Rd1+ 43. Bf1 Rxf1+ 44. Kg2 Qg3+ 45. Kxf1 Qd3+ 0-1

[Event "Pyramiden Cup 2015"]
[Site "Fuerth"]
[Date "2015.09.04"]
[Round "2.21"]
[White "Hoecher, Michael"]
[Black "Berger, Stefan"]
[Result "1/2-1/2"]
[WhiteElo "2091"]
[BlackElo "1996"]
[PlyCount "68"]
[EventDate "2015.??.??"]
[WhiteTeam "SC Garching"]
[BlackTeam "Schweiz"]
[BlackTeamCountry "SUI"]

1. c4 e5 2. Nc3 Bb4 3. Qc2 Nc6 4. Nd5 Nf6 5. Nxb4 Nxb4 6. Qc3 Qe7 7. a3 Nc6 8.
d3 d5 9. Bg5 dxc4 10. Qxc4 Be6 11. Qc3 h6 12. Bxf6 Qxf6 13. Nf3 Bd5 14. e4 Be6
15. Be2 O-O 16. O-O Bg4 17. Rae1 Rac8 18. Nd2 Be6 19. f4 Nd4 20. fxe5 Qxe5 21.
Nf3 Nxe2+ 22. Rxe2 Qxc3 23. bxc3 Bg4 24. Kf2 Rcd8 25. Rd1 Rd6 26. h3 Bxf3 27.
gxf3 Rb6 28. Ra2 Rb3 29. Rc1 Rd8 30. Ke3 Rd6 31. Kd2 Rg6 32. Ke3 Rg3 33. Kf4
Rg6 34. Ke3 Rg3 1/2-1/2

[Event "Pyramiden Cup 2015"]
[Site "Fuerth"]
[Date "2015.09.04"]
[Round "2.22"]
[White "Troyke, Doreen"]
[Black "Pfadenhauer, Johannes"]
[Result "1-0"]
[WhiteElo "2074"]
[BlackElo "2067"]
[PlyCount "236"]
[EventDate "2015.??.??"]
[WhiteTeam "Erfurter SK"]
[BlackTeam "TSV Bindlach"]

1. c4 g6 2. g3 Bg7 3. Bg2 Nc6 4. Nc3 d6 5. e3 e5 6. Nge2 Nge7 7. O-O O-O 8. d4
exd4 9. Nxd4 Ne5 10. Qe2 c5 11. Ndb5 Bg4 12. f3 Be6 13. Na3 Qd7 14. Rd1 Rad8
15. Rb1 Rfe8 16. Ne4 Qc6 17. Ng5 d5 18. Nxe6 Qxe6 19. cxd5 Nxd5 20. Nc2 c4 21.
e4 Qb6+ 22. Kh1 Nd3 23. Be3 Nxe3 24. Nxe3 Qa6 25. b3 cxb3 26. axb3 Bf8 27. Ra1
Qb5 28. Bf1 Bc5 29. Ng4 Nf2+ 30. Qxf2 Qxb3 31. Qe2 Kg7 32. Rab1 Qa3 33. Nf2 b6
34. Nd3 Bd4 35. Qc2 Rc8 36. Qb3 Qa5 37. Nf4 Rc3 38. Qd5 Be5 39. Qxa5 bxa5 40.
Rd3 Rc7 41. Nd5 Rc2 42. f4 Bb2 43. e5 a4 44. Nb4 Rc4 45. Rxb2 Rb8 46. Ra3 Rcxb4
47. Rxb4 Rxb4 48. Kg1 g5 49. f5 Re4 50. f6+ Kh6 51. Bd3 Rxe5 52. Rxa4 Re6 53.
Rxa7 Rxf6 54. Kg2 Kg7 55. g4 h6 56. Kg3 Rf4 57. Ra5 Rb4 58. Ra3 Rd4 59. Bf5 Rd1
60. Ra7 Rf1 61. Ra5 Rg1+ 62. Kf2 Rh1 63. Kg2 Rc1 64. Ra7 Kf6 65. Ra6+ Kg7 66.
Ra2 Rc3 67. Rf2 Rc4 68. Kg3 Rc3+ 69. Rf3 Rc1 70. h4 gxh4+ 71. Kxh4 Rg1 72. Be4
Rd1 73. Kg3 Rd6 74. Kf4 Kf6 75. Rc3 Rd1 76. Rc6+ Kg7 77. Rc3 Kf6 78. Rf3 Kg7
79. Ke5 Re1 80. Rf4 Re2 81. Kd6 Ra2 82. Bd5 Ra7 83. Rf5 Kg6 84. Kc6 Ra4 85.
Bxf7+ Kg7 86. Bh5 Ra6+ 87. Kd5 Ra5+ 88. Ke6 Ra6+ 89. Ke5 Ra5+ 90. Kf4 Ra4+ 91.
Kg3 Ra3+ 92. Rf3 Ra6 93. Re3 Kf6 94. Kf4 Ra4+ 95. Re4 Ra5 96. Rd4 Ke7 97. Ke4
Ke6 98. Rc4 Kf6 99. Rc6+ Kg7 100. Re6 Ra4+ 101. Kf5 Ra5+ 102. Re5 Ra7 103. Rd5
Re7 104. Rd6 Ra7 105. Ke6 Ra1 106. Rd7+ Kf8 107. Bg6 Ra2 108. Bf5 Ra6+ 109. Rd6
Rxd6+ 110. Kxd6 Kf7 111. Ke5 Kg7 112. Ke6 h5 113. g5 h4 114. Be4 h3 115. Kf5 h2
116. Kg4 Kf7 117. Kh3 h1=Q+ 118. Bxh1 Kg6 1-0

[Event "Pyramiden Cup 2015"]
[Site "Fuerth"]
[Date "2015.09.04"]
[Round "2.23"]
[White "Walter, Florian"]
[Black "Seitner, Ralf"]
[Result "1-0"]
[WhiteElo "2160"]
[BlackElo "2080"]
[PlyCount "91"]
[EventDate "2015.??.??"]
[WhiteTeam "SC NT Nürnberg"]
[BlackTeam "SK Ingolstadt"]

1. c4 c5 2. g3 Nc6 3. Nc3 g6 4. Bg2 Bg7 5. a3 e6 6. Rb1 Nge7 7. b4 cxb4 8. axb4
O-O 9. Nf3 d5 10. b5 Na5 11. cxd5 Nxd5 12. Nxd5 exd5 13. O-O a6 14. d3 Bd7 15.
bxa6 bxa6 16. Bb2 Nc6 17. Bxg7 Kxg7 18. Qb3 Ne7 19. Nd4 Be6 20. Qc3 Kg8 21.
Nxe6 fxe6 22. Qe5 Qd7 23. Bh3 Kf7 24. Rb6 Nc6 25. Bxe6+ Qxe6 26. Qc7+ Kg8 27.
Qxc6 Qxc6 28. Rxc6 Rfc8 29. Rxc8+ Rxc8 30. Ra1 Rc6 31. Ra5 Rd6 32. Kg2 Kf7 33.
Kf3 Ke6 34. d4 h6 35. Ke3 Kf5 36. f3 Ke6 37. Kd3 Kd7 38. e4 dxe4+ 39. fxe4 Kc7
40. d5 Kb6 41. Ra2 Kc5 42. Rc2+ Kb5 43. Kd4 a5 44. e5 Rd8 45. Rb2+ Ka4 46. d6
1-0

[Event "Pyramiden Cup 2015"]
[Site "Fuerth"]
[Date "2015.09.04"]
[Round "2.24"]
[White "Bitter, Frank"]
[Black "Wagner, Florian"]
[Result "1-0"]
[WhiteElo "1914"]
[BlackElo "2145"]
[PlyCount "71"]
[EventDate "2015.??.??"]
[WhiteTeam "SC WD Ulm"]
[BlackTeam "SC NT Nürnberg"]

1. d4 Nf6 2. c4 e5 3. dxe5 Ng4 4. Nf3 Nc6 5. Bf4 Bb4+ 6. Nbd2 Qe7 7. a3 Ngxe5
8. Nxe5 Nxe5 9. e3 Bxd2+ 10. Qxd2 a5 11. Qc3 f6 12. Be2 O-O 13. O-O d6 14. b4
Ng6 15. Bg3 Bf5 16. c5 axb4 17. Qxb4 dxc5 18. Qxb7 Ne5 19. Rfc1 Ra5 20. a4 Rd8
21. Bb5 Qd6 22. Bxe5 fxe5 23. Qf3 Qf8 24. Qc6 Qd6 25. Qxc5 Rda8 26. Qc6 h6 27.
Rd1 Qg6 28. Qxc7 Be4 29. Bf1 Kh7 30. Rd8 R8a7 31. Qb8 Qf6 32. Rh8+ Kg6 33. Qb4
Bf5 34. g4 Bd7 35. Rf8 Qe6 36. Qe4+ 1-0

[Event "Pyramiden Cup 2015"]
[Site "Fuerth"]
[Date "2015.09.04"]
[Round "2.25"]
[White "Colpe, Helge"]
[Black "Bunk, Karsten"]
[Result "0-1"]
[WhiteElo "2061"]
[BlackElo "2090"]
[PlyCount "88"]
[EventDate "2015.??.??"]
[WhiteTeam "Hamburger SK"]
[BlackTeam "SW Nürnberg Süd"]

1. d4 g6 2. Nf3 Bg7 3. c4 d6 4. e3 Nd7 5. Be2 e5 6. Nc3 Ne7 7. O-O O-O 8. a3 a5
9. Rb1 b6 10. b4 axb4 11. axb4 Bb7 12. Bb2 exd4 13. exd4 Nf5 14. d5 Re8 15. Nb5
Ne5 16. Nbd4 Nh4 17. Nxh4 Qxh4 18. f4 Nd7 19. Nb5 Bxb2 20. Rxb2 Qf6 21. Rd2 Qd8
22. Bd3 Ba6 23. Nd4 Qf6 24. Be2 Qg7 25. b5 Bb7 26. Bg4 Nc5 27. f5 Ne4 28. fxg6
hxg6 29. Rc2 Bc8 30. Bxc8 Raxc8 31. Qd3 Nc5 32. Qd1 Re4 33. Nf3 Ra8 34. Rcf2
Rxc4 35. Ng5 f5 36. Ne6 Nxe6 37. dxe6 Qd4 38. Qb3 Rc3 39. Qb1 Re8 40. Re1 Re3
41. Rd1 Qe5 42. Rc2 Re7 43. Qc1 Qxe6 44. Rxc7 Rxc7 0-1

[Event "Pyramiden Cup 2015"]
[Site "Fuerth"]
[Date "2015.09.04"]
[Round "2.26"]
[White "Kannenberg, Karl-Heinz"]
[Black "Guggenberger, Guido"]
[Result "1/2-1/2"]
[WhiteElo "2220"]
[BlackElo "2019"]
[PlyCount "103"]
[EventDate "2015.??.??"]
[WhiteTeam "SC Kitzingen"]
[BlackTeam "TV Tegernsee"]

1. d4 d5 2. Bf4 Nf6 3. e3 e6 4. Nf3 Bd6 5. Bg3 O-O 6. Nbd2 c5 7. c3 Nc6 8. Bd3
Qe7 9. Ne5 Nd7 10. f4 f5 11. Ndf3 Nf6 12. Bh4 Qc7 13. O-O Bd7 14. Nxd7 Qxd7 15.
Ne5 Qc7 16. Kh1 Ne4 17. Qe2 c4 18. Bxe4 fxe4 19. Qg4 Rae8 20. Rf2 Bxe5 21. fxe5
Rxf2 22. Bxf2 Qf7 23. Bh4 Rf8 24. h3 Qf5 25. Qxf5 Rxf5 26. Kg1 g5 27. g4 Rf3
28. Bxg5 Rxh3 29. Kg2 Rf3 30. Rh1 Rf8 31. Bf6 Rf7 32. Rh6 Ne7 33. Bxe7 Rxe7 34.
Rf6 Kg7 35. g5 b5 36. Kg3 a5 37. Kg4 Kg8 38. Kh5 Kg7 39. g6 hxg6+ 40. Rxg6+ Kh7
41. Rh6+ Kg7 42. Kg5 Re8 43. Rf6 b4 44. a3 b3 45. a4 Kg8 46. Kh6 Re7 47. Rg6+
Kf8 48. Kg5 Kf7 49. Kh6 Kf8 50. Kh5 Kf7 51. Kg5 Re8 52. Rh6 1/2-1/2

[Event "Pyramiden Cup 2015"]
[Site "Fuerth"]
[Date "2015.09.04"]
[Round "2.27"]
[White "Mons, Leon"]
[Black "Moenius, Oliver"]
[Result "1-0"]
[WhiteElo "2464"]
[BlackElo "1725"]
[PlyCount "47"]
[EventDate "2015.??.??"]
[WhiteTeam "SC Hansa Dortmund"]
[BlackTeam "SC Höchstadt/Aisch"]

1. e4 c6 2. Nf3 d5 3. Nc3 d4 4. Ne2 c5 5. c3 dxc3 6. bxc3 Nc6 7. Ng3 g6 8. Bb5
Bd7 9. O-O Bg7 10. Ba3 Qa5 11. Qb3 a6 12. Bxc6 Bxc6 13. d4 cxd4 14. cxd4 Nf6
15. Ne5 O-O 16. Bxe7 Qc7 17. Bxf8 Rxf8 18. Nxc6 Qxc6 19. Rac1 Qd7 20. Rfd1 Re8
21. e5 Nd5 22. Ne4 Nf4 23. Qf3 Nd5 24. Nd6 1-0

[Event "Pyramiden Cup 2015"]
[Site "Fuerth"]
[Date "2015.09.04"]
[Round "2.28"]
[White "Reis, Gerhard"]
[Black "Lange, Carsten"]
[Result "1-0"]
[WhiteElo "2197"]
[BlackElo "2055"]
[PlyCount "65"]
[EventDate "2015.??.??"]
[WhiteTeam "SW Nürnberg Süd"]
[BlackTeam "SK Zirndorf"]

1. Nf3 Nf6 2. c4 g6 3. Nc3 d5 4. cxd5 Nxd5 5. Qa4+ Nc6 6. Ne5 Nxc3 7. dxc3 Bd7
8. Nxd7 Qxd7 9. e4 Bg7 10. Bb5 O-O 11. O-O Rfd8 12. Bf4 e5 13. Bg5 f6 14. Be3
a6 15. Bc4+ Kh8 16. Rfd1 Qe8 17. Bd5 Bf8 18. b4 b5 19. Qb3 Bd6 20. a4 Rab8 21.
axb5 axb5 22. h4 Kg7 23. Rd3 Ne7 24. Be6 Ra8 25. Rad1 Qc6 26. f3 Ra6 27. Qc2
Rda8 28. Qd2 Ra1 29. Bh6+ Kh8 30. Rxa1 Rxa1+ 31. Kh2 Qa6 32. Bf8 Qc6 33. Qh6
1-0

[Event "Pyramiden Cup 2015"]
[Site "Fuerth"]
[Date "2015.09.04"]
[Round "2.29"]
[White "Schrems, Hermann"]
[Black "Herlan, Klaus-Juergen"]
[Result "1-0"]
[WhiteElo "2098"]
[BlackElo "1961"]
[PlyCount "219"]
[EventDate "2015.??.??"]
[WhiteTeam "SC Emmendingen"]
[BlackTeam "SK Marmstorf"]

1. d4 Nf6 2. c4 g6 3. g3 Bg7 4. Bg2 d6 5. Nc3 O-O 6. Nf3 c6 7. O-O Qc7 8. Qc2
e5 9. Bg5 Be6 10. Rad1 Na6 11. a3 h6 12. dxe5 dxe5 13. Bc1 Bxc4 14. Ne4 Nxe4
15. Qxc4 Nd6 16. Qh4 Rfe8 17. g4 e4 18. Nd4 c5 19. Nc2 Rad8 20. Ne3 Qe7 21.
Qxe7 Rxe7 22. Nc4 Red7 23. Nxd6 Rxd6 24. Rxd6 Rxd6 25. Bxe4 Rd7 26. b3 b6 27.
Bd3 Nc7 28. h3 Kf8 29. Kg2 Ke7 30. f4 Bf6 31. a4 Bd4 32. Kf3 Nd5 33. Bc4 f6 34.
Rd1 Nc7 35. h4 a6 36. g5 hxg5 37. hxg5 b5 38. axb5 axb5 39. Bd3 f5 40. Rh1 Ke6
41. Rh6 Rg7 42. Bd2 Kf7 43. e4 fxe4+ 44. Bxe4 c4 45. bxc4 bxc4 46. Ba5 Ne6 47.
Bd5 Ke7 48. Bxc4 Bc5 49. Ke4 Nf8 50. Bc3 Rh7 51. Bg8 Rxh6 52. gxh6 Bd6 53. Be5
Bb4 54. Kf3 Ke8 55. Kg4 Be7 56. Bd4 Bd8 57. f5 gxf5+ 58. Kxf5 Be7 59. Bc4 Bb4
60. Kf6 Bd2 61. Kg7 Bxh6+ 62. Kxh6 Ke7 63. Bf2 Ne6 64. Kg6 Kd6 65. Kf6 Nd8 66.
Bf1 Nc6 67. Bg2 Nb4 68. Bg3+ Kc5 69. Ke6 Nd3 70. Bf1 Kd4 71. Kd6 Ke4 72. Bg2+
Kd4 73. Bc6 Nb4 74. Bb5 Nd3 75. Bh4 Nf4 76. Bf6+ Ke4 77. Bc6+ Kd3 78. Ke5 Ne2
79. Bb5+ Ke3 80. Bg5+ Kf3 81. Bd2 Ng3 82. Bg5 Ne2 83. Bd7 Ng3 84. Bh4 Ne2 85.
Bc6+ Ke3 86. Be4 Nc3 87. Bg5+ Ke2 88. Bg6 Nd1 89. Bh5+ Ke1 90. Kd4 Nb2 91. Kc3
Nd1+ 92. Kc2 Nf2 93. Bh4 Kf1 94. Bf3 Nh3 95. Kd2 Ng1 96. Bc6 Nh3 97. Ke3 Ng1
98. Bb7 Nh3 99. Ba6+ Kg2 100. Be2 Ng1 101. Bg4 Nh3 102. Bf3+ Kh2 103. Bc6 Ng1
104. Be7 Nh3 105. Bd6+ Kg1 106. Kf3 Ng5+ 107. Kg3 Kf1 108. Bd5 Nh7 109. Be7 Ke2
110. Be4 1-0

[Event "Pyramiden Cup 2015"]
[Site "Fuerth"]
[Date "2015.09.04"]
[Round "2.30"]
[White "Grafe, Wilhelm"]
[Black "Abicht, Ruediger"]
[Result "1-0"]
[WhiteElo "2168"]
[BlackElo "1811"]
[PlyCount "67"]
[EventDate "2015.??.??"]
[WhiteTeam "SC NT Nürnberg"]
[BlackTeam "ESV Lok Döbeln"]

1. Nf3 c5 2. g3 b6 3. Bg2 Bb7 4. c4 Nf6 5. Nc3 e6 6. O-O d6 7. a3 Nbd7 8. d3 a6
9. Rb1 Qc7 10. e4 Rc8 11. Bd2 Be7 12. Qe2 O-O 13. b4 Rfe8 14. Rfc1 Ng4 15. h3
Nge5 16. Nxe5 dxe5 17. Na4 Bc6 18. b5 axb5 19. cxb5 Bb7 20. Nb2 Red8 21. Nc4
Bd6 22. a4 Ra8 23. a5 bxa5 24. Bxa5 Rxa5 25. b6 Nxb6 26. Nxa5 Ba6 27. Bf1 Be7
28. Qe3 h6 29. h4 f5 30. exf5 exf5 31. Qf3 Bc8 32. Qc6 Nd5 33. Qxc7 Nxc7 34.
Nc6 1-0

[Event "Pyramiden Cup 2015"]
[Site "Fuerth"]
[Date "2015.09.04"]
[Round "2.31"]
[White "Kroneder, Christian"]
[Black "Kornitzky, Tino"]
[Result "1-0"]
[WhiteElo "2045"]
[BlackElo "1717"]
[PlyCount "99"]
[EventDate "2015.??.??"]
[WhiteTeam "SK Schwanstetten"]
[BlackTeam "SC Bamberg"]

1. e4 c5 2. Nf3 d6 3. d4 cxd4 4. Nxd4 Nf6 5. Nc3 g6 6. Be3 Bg7 7. f3 O-O 8. Qd2
Nc6 9. O-O-O d5 10. Qe1 e6 11. Nb3 a5 12. Bb5 Ne7 13. Bc5 Bd7 14. Bxd7 Qxd7 15.
exd5 Nfxd5 16. Nxd5 Nxd5 17. Bxf8 Kxf8 18. Qf2 a4 19. Rxd5 Qxd5 20. Qc5+ Qxc5
21. Nxc5 Ra5 22. Nd3 Rg5 23. g3 e5 24. Re1 Rf5 25. Re4 Rxf3 26. Rxa4 Rf1+ 27.
Kd2 Rh1 28. Ra8+ Ke7 29. Ra7 Rxh2+ 30. Kd1 Rh1+ 31. Ne1 Rg1 32. Rxb7+ Ke6 33.
a4 Rxg3 34. a5 Rg4 35. b4 e4 36. c4 Bc3 37. a6 Rg1 38. a7 Rxe1+ 39. Kc2 Ra1 40.
Kxc3 f5 41. b5 f4 42. Rb6+ Ke5 43. Ra6 Rc1+ 44. Kb2 f3 45. a8=Q f2 46. Qd5+ Kf4
47. Rf6+ Ke3 48. Kxc1 f1=N 49. Rxf1 g5 50. Qd2# 1-0

[Event "Pyramiden Cup 2015"]
[Site "Fuerth"]
[Date "2015.09.04"]
[Round "2.32"]
[White "Weber, Alexander"]
[Black "Brunsch, Michael"]
[Result "1-0"]
[WhiteElo "1801"]
[BlackElo "2072"]
[PlyCount "71"]
[EventDate "2015.??.??"]
[WhiteTeam "SC Erlangen"]
[BlackTeam "SC Höchstadt/Aisch"]

1. e4 c5 2. d4 cxd4 3. c3 d3 4. c4 Nc6 5. Nf3 d6 6. Bxd3 g6 7. Nc3 Bg7 8. h3
Nf6 9. Bg5 O-O 10. Qd2 Nd7 11. Bh6 Nc5 12. Bc2 f5 13. Bxg7 Kxg7 14. O-O-O h6
15. Nd4 Ne5 16. b3 f4 17. Nd5 a5 18. a4 e6 19. Nc3 Qf6 20. Ndb5 Ra6 21. Qd4 Rd8
22. Kb1 g5 23. f3 Nf7 24. Qd2 Rc6 25. h4 Bd7 26. hxg5 hxg5 27. g3 Kf8 28. gxf4
Qxf4 29. Qd4 Ke7 30. Rde1 Qe5 31. Qd2 Rg8 32. Nd5+ Kd8 33. Ne3 Qf4 34. Qxa5+
Ke7 35. Nd5+ Kf8 36. Nxf4 1-0

[Event "Pyramiden Cup 2015"]
[Site "Fuerth"]
[Date "2015.09.04"]
[Round "2.33"]
[White "Redzepovic, Irfan"]
[Black "Meyer, Nico"]
[Result "1-0"]
[WhiteElo "2139"]
[BlackElo "1437"]
[PlyCount "71"]
[EventDate "2015.??.??"]
[WhiteTeam "SW Nürnberg Süd"]
[BlackTeam "SC Bechhofen"]

1. d4 c5 2. d5 e5 3. e4 d6 4. Bd3 Be7 5. f4 exf4 6. Bxf4 Bg5 7. Bb5+ Kf8 8. Qd2
Bxf4 9. Qxf4 Qf6 10. Qxf6 Nxf6 11. Nd2 a6 12. Bd3 Ke7 13. a4 Nbd7 14. Ngf3 Re8
15. O-O h6 16. h3 b6 17. Nc4 Bb7 18. Ne3 g6 19. Rf2 Kf8 20. Nd2 Re7 21. Nec4
Ne8 22. h4 b5 23. Na5 Ne5 24. Nxb7 Nxd3 25. cxd3 Rxb7 26. axb5 Rxb5 27. Nc4 Rb3
28. Rf3 Rb7 29. Ra3 Ke7 30. Na5 Rxb2 31. Ra1 Kf8 32. Raf1 Ra7 33. Nc6 Rd7 34.
e5 dxe5 35. Nxe5 Re7 36. Nxg6+ 1-0

[Event "Pyramiden Cup 2015"]
[Site "Fuerth"]
[Date "2015.09.04"]
[Round "2.34"]
[White "Siewert, Wolfgang"]
[Black "Woerl, Richard"]
[Result "1/2-1/2"]
[WhiteElo "1759"]
[BlackElo "2047"]
[PlyCount "56"]
[EventDate "2015.??.??"]
[WhiteTeam "vereinslos"]
[BlackTeam "SW Nürnberg Süd"]

1. e4 c5 2. Nf3 Nc6 3. Nc3 e6 4. d4 cxd4 5. Nxd4 a6 6. Be2 Bc5 7. Be3 Qb6 8.
Na4 Qa5+ 9. c3 Bxd4 10. Bxd4 Nxd4 11. Qxd4 e5 12. Qb4 Qxb4 13. cxb4 b5 14. Nc3
Bb7 15. O-O Ne7 16. a4 bxa4 17. Rxa4 O-O 18. Rfa1 f5 19. b5 axb5 20. Rxa8 Rxa8
21. Rxa8+ Bxa8 22. Bxb5 d6 23. f3 fxe4 24. fxe4 Kf7 25. Bc4+ Ke8 26. Nd5 Bxd5
27. exd5 Kd7 28. Kf2 Nc8 1/2-1/2

[Event "Pyramiden Cup 2015"]
[Site "Fuerth"]
[Date "2015.09.04"]
[Round "2.35"]
[White "Roettinger, Eugen"]
[Black "Weber, Bernhard"]
[Result "0-1"]
[WhiteElo "2147"]
[BlackElo "1899"]
[PlyCount "104"]
[EventDate "2015.??.??"]
[WhiteTeam "SR Spaichingen"]
[BlackTeam "SG Siebengebirge"]

1. b3 d5 2. Bb2 Nd7 3. f4 e6 4. Nf3 Ngf6 5. e3 Be7 6. Be2 O-O 7. O-O c5 8. Ne5
Nxe5 9. fxe5 Nd7 10. Bg4 Qc7 11. d4 f5 12. Bh3 Rf7 13. Nd2 b6 14. c4 Nf8 15.
Rc1 Bg5 16. Qe1 Ba6 17. g3 Rd8 18. Rc2 Ng6 19. Rf3 Ne7 20. Bf1 Bb7 21. Rf2 Ng6
22. Nf3 Be7 23. h4 Qd7 24. h5 Nf8 25. Nh2 g6 26. Nf3 gxh5 27. Qd1 Rg7 28. Kh2
Ng6 29. Rg2 Kh8 30. Rg1 Rdg8 31. Bc3 Qd8 32. Be1 Qf8 33. dxc5 Bxc5 34. Ng5 Qe7
35. Qxh5 Nxe5 36. Bc3 Qxg5 37. Qxg5 Nf3+ 38. Kh1 Nxg5 39. Bg2 Bxe3 40. Bxg7+
Kxg7 41. Rd1 Kf6 42. cxd5 Bxd5 43. Bxd5 exd5 44. Rxd5 Bc5 45. Rc4 Ke6 46. Rd3
Ne4 47. Kh2 a5 48. Rc1 h5 49. Rf3 Rg4 50. Rcf1 Nd2 51. Re1+ Re4 52. Rxe4+ fxe4
0-1

[Event "Pyramiden Cup 2015"]
[Site "Fuerth"]
[Date "2015.09.04"]
[Round "2.36"]
[White "Schulz, Siegfried"]
[Black "Tong, Kevin"]
[Result "0-1"]
[WhiteElo "1928"]
[BlackElo "2021"]
[PlyCount "80"]
[EventDate "2015.??.??"]
[WhiteTeam "TSV Kirchenlaibach"]
[BlackTeam "SC Erlangen"]

1. d4 d5 2. Nf3 Nf6 3. g3 Bf5 4. Bg2 e6 5. O-O Bd6 6. c3 O-O 7. Nbd2 Nbd7 8. h3
c5 9. Nh4 Bg6 10. Nxg6 hxg6 11. e3 cxd4 12. exd4 b5 13. a3 a5 14. b3 Rc8 15.
Bb2 Qb6 16. Rc1 Rc7 17. Qe2 Rfc8 18. Rfd1 a4 19. Bf1 Rb8 20. b4 Rcc8 21. Qe3
Re8 22. Re1 Qc7 23. Be2 e5 24. Kg2 e4 25. Nf1 Nf8 26. Nh2 Ne6 27. f4 exf3+ 28.
Qxf3 Ng5 29. Qd3 Qd7 30. Ng4 Nfe4 31. h4 Nxg3 32. Bf3 Nxf3 33. Qxf3 Nf5 34.
Rxe8+ Rxe8 35. Rh1 Re4 36. Ne5 Bxe5 37. dxe5 Nxh4+ 38. Rxh4 Rxh4 39. Bc1 Qg4+
40. Kf2 Rh2+ 0-1

[Event "Pyramiden Cup 2015"]
[Site "Fuerth"]
[Date "2015.09.04"]
[Round "2.37"]
[White "Bildt, Thomas"]
[Black "Nagel, Felix"]
[Result "1/2-1/2"]
[WhiteElo "2000"]
[BlackElo "1784"]
[PlyCount "93"]
[EventDate "2015.??.??"]
[WhiteTeam "SK Zirndorf"]
[BlackTeam "SC And Nbg"]

1. e4 c6 2. d4 d5 3. Nc3 dxe4 4. f3 exf3 5. Nxf3 Bg4 6. Bc4 e6 7. O-O Nf6 8.
Bg5 Be7 9. Ne2 Nbd7 10. Qe1 Qb6 11. c3 h6 12. Be3 O-O 13. Qc1 Bf5 14. b4 Nd5
15. Bd2 N7f6 16. Ng3 Bh7 17. Ne5 Bxb4 18. Bxd5 Nxd5 19. Nd7 Qc7 20. Nxf8 Bxf8
21. c4 Ne7 22. Bb4 Nf5 23. Bxf8 Nxg3 24. hxg3 Kxf8 25. Qe3 Qd6 26. Rf4 Ke7 27.
Raf1 Bg6 28. Qf2 Rf8 29. g4 b6 30. Re1 Re8 31. c5 Qd5 32. Re5 Qd8 33. cxb6 axb6
34. Qb2 Kf8 35. Qc3 Qd6 36. Qb2 c5 37. dxc5 bxc5 38. Qc3 Ra8 39. a4 Rxa4 40.
Rxa4 Qd1+ 41. Re1 Qxa4 42. Qxc5+ Kg8 43. g5 Qh4 44. Re5 hxg5 45. Rxg5 Qe1+ 46.
Kh2 Qh4+ 47. Kg1 1/2-1/2

[Event "Pyramiden Cup 2015"]
[Site "Fuerth"]
[Date "2015.09.04"]
[Round "2.38"]
[White "Lutter, Maximilian"]
[Black "Shen, Julian"]
[Result "1-0"]
[WhiteElo "1776"]
[BlackElo "1815"]
[PlyCount "61"]
[EventDate "2015.??.??"]
[WhiteTeam "SK Neumarkt"]
[BlackTeam "SK Rothenburg"]

1. d4 Nf6 2. c4 g6 3. Nc3 Bg7 4. e4 d6 5. f3 O-O 6. Bg5 c5 7. d5 b5 8. cxb5 a6
9. bxa6 Qa5 10. Qd2 Bxa6 11. Bxa6 Nxa6 12. Nge2 Rfb8 13. O-O Qb6 14. Rab1 Nc7
15. Be3 Qa6 16. Bh6 Bxh6 17. Qxh6 Nb5 18. Qg5 Nd4 19. Ng3 Nb5 20. Nxb5 Rxb5 21.
Nf5 Kf8 22. Qh6+ Ke8 23. Ng3 Qxa2 24. Qg7 Raa5 25. e5 dxe5 26. Ne4 Rxb2 27.
Nxf6+ exf6 28. Qg8+ Ke7 29. d6+ Kxd6 30. Rfd1+ Rd2 31. Qd8+ 1-0

[Event "Pyramiden Cup 2015"]
[Site "Fuerth"]
[Date "2015.09.04"]
[Round "2.39"]
[White "Vogel, Karlheinz"]
[Black "Cipra, Lothar"]
[Result "1/2-1/2"]
[WhiteElo "1706"]
[BlackElo "2016"]
[PlyCount "33"]
[EventDate "2015.??.??"]
[WhiteTeam "SV Böckingen"]
[BlackTeam "SK Schwanstetten"]

1. d4 Nf6 2. c4 e6 3. Nc3 d5 4. Bg5 Be7 5. e3 O-O 6. Nf3 b6 7. cxd5 Nxd5 8.
Nxd5 exd5 9. Bxe7 Qxe7 10. Bd3 Be6 11. O-O c5 12. dxc5 bxc5 13. Rc1 Nd7 14. Qc2
h6 15. b3 f5 16. Bb5 Rac8 17. Bxd7 1/2-1/2

[Event "Pyramiden Cup 2015"]
[Site "Fuerth"]
[Date "2015.09.04"]
[Round "2.40"]
[White "Reuter, Roland"]
[Black "Wieczorek, Heinz"]
[Result "1/2-1/2"]
[WhiteElo "2000"]
[BlackElo "1806"]
[PlyCount "111"]
[EventDate "2015.??.??"]
[WhiteTeam "SK Schwabach"]
[BlackTeam "SW Nbg Süd"]

1. e4 e5 2. Bc4 Bc5 3. Nf3 d6 4. d3 h6 5. Bd2 Nf6 6. h3 Nc6 7. a3 O-O 8. Nc3 a6
9. Qe2 Nd4 10. Nxd4 exd4 11. Nd5 Nxd5 12. Bxd5 c6 13. Bb3 d5 14. O-O dxe4 15.
Qxe4 Qf6 16. Rae1 Bd7 17. Bf4 Rfe8 18. Be5 Qg5 19. f4 Qh5 20. Qf3 Qxf3 21. Rxf3
Kf8 22. f5 f6 23. Bg3 Rxe1+ 24. Bxe1 Bd6 25. g4 Re8 26. Kf1 Ke7 27. Bd2 Kd8 28.
h4 Kc7 29. Kf2 Be5 30. Rh3 Kd6 31. Rh1 c5 32. Rg1 b5 33. Bf7 Rc8 34. Bg6 c4 35.
Bb4+ Kc6 36. dxc4 bxc4 37. Rd1 Kb5 38. Bf7 Bc6 39. b3 cxb3 40. cxb3 Be4 41.
Bc4+ Kb6 42. Re1 Bc2 43. Be6 Rc7 44. Kf3 a5 45. Bd2 Bd3 46. Rc1 Rxc1 47. Bxc1
Bc2 48. g5 fxg5 49. hxg5 hxg5 50. Bxg5 Bf6 51. Bf4 a4 52. bxa4 Bxa4 53. Ke2
Bb5+ 54. Kd2 Kc5 55. Kc2 Ba4+ 56. Kd2 1/2-1/2

[Event "Pyramiden Cup 2015"]
[Site "Fuerth"]
[Date "2015.09.04"]
[Round "2.41"]
[White "Gradl, Winfried"]
[Black "Wettermann, Bernd"]
[Result "0-1"]
[WhiteElo "1993"]
[BlackElo "1771"]
[PlyCount "72"]
[EventDate "2015.??.??"]
[WhiteTeam "TuS Fürstenfeldbruck"]
[BlackTeam "FC Konradsreuth"]

1. d4 f5 2. Nc3 Nf6 3. Bg5 e6 4. e4 fxe4 5. Nxe4 Be7 6. Bxf6 Bxf6 7. Nf3 O-O 8.
Bd3 d6 9. Qd2 Nc6 10. c3 Bd7 11. O-O Qe8 12. Rae1 Qh5 13. Neg5 Bxg5 14. Nxg5
Rf6 15. Nf3 Raf8 16. Qg5 Qf7 17. Qg3 h6 18. Bb1 Ne7 19. Nh4 g5 20. Re3 Qh5 21.
Nf3 Nf5 22. Bxf5 exf5 23. Qh3 Qf7 24. Ne5 dxe5 25. Rxe5 f4 26. Qf3 g4 27. Qxb7
Bc6 28. Qb4 g3 29. h3 f3 30. Re7 gxf2+ 31. Rxf2 Qg6 32. Qc4+ Kh8 33. d5 fxg2
34. Rxg2 Rf1+ 35. Kh2 Qd6+ 36. Rg3 R8f2# 0-1

[Event "Pyramiden Cup 2015"]
[Site "Fuerth"]
[Date "2015.09.04"]
[Round "2.42"]
[White "Weissmann, Peter"]
[Black "Schober, Ralf"]
[Result "1/2-1/2"]
[WhiteElo "1795"]
[BlackElo "2019"]
[PlyCount "91"]
[EventDate "2015.??.??"]
[WhiteTeam "SK Zirndorf"]
[BlackTeam "SV Sundern"]

1. e4 e6 2. d4 d5 3. e5 c5 4. c3 Bd7 5. Nf3 a6 6. Bd3 cxd4 7. Nxd4 Nc6 8. f4
Nh6 9. Be3 Nxd4 10. Bxd4 Bb5 11. Bxb5+ axb5 12. Qe2 Qd7 13. O-O Be7 14. Nd2 O-O
15. b4 Rfc8 16. Rf3 Ra3 17. Nb3 Rca8 18. Qb2 Nf5 19. Bf2 h5 20. Na5 Ra4 21. h3
h4 22. Rd3 Qc7 23. a3 b6 24. Nb3 Qa7 25. Nd4 Nxd4 26. Bxd4 Bd8 27. Qf2 Rxa3 28.
Rxa3 Qxa3 29. f5 Qc1+ 30. Qf1 Ra1 31. Qxc1 Rxc1+ 32. Kf2 Bg5 33. fxe6 fxe6 34.
Bxb6 Bf4 35. Bd4 Bg3+ 36. Kf3 Kf7 37. Kg4 Kg6 38. Rf3 Rc2 39. Rxg3 hxg3 40.
Kxg3 Rc1 41. Kg4 Rf1 42. h4 Rh1 43. g3 Rh2 44. Be3 Re2 45. h5+ Kf7 46. Kf3
1/2-1/2